[Event "ODJM B 2024"]
[Site "Willingen GER"]
[Date "2024.05.20"]
[Round "3"]
[White "Tarasenko, Ruslan"]
[Black "Fischer, Quirin"]
[Result "1-0"]
[Termination "normal"]
[Board "52"]
[WhiteElo "1525"]
[BlackElo "1636"]
[WhiteClock "01:09:19"]
[BlackClock "00:56:39"]
[PlyCount "47"]
[WhiteFideId "34166343"]
[BlackFideId "34623787"]
[EventCountry "GER"]
[EventRounds "9"]
[EventType "swiss"]
[EventDate "2024.05.18"]

1. e4 {[%clk 01:30:37]} {[%emt 00:00:22]} c5 {[%clk 01:30:54]} {[%emt
00:00:06]} 2. Nf3 {[%clk 01:30:55]} {[%emt 00:00:13]} Nc6 {[%clk 01:30:56]}
{[%emt 00:00:28]} 3. d4 {[%clk 01:31:13]} {[%emt 00:00:12]} cxd4 {[%clk
01:30:46]} {[%emt 00:00:40]} 4. Nxd4 {[%clk 01:31:36]} {[%emt 00:00:06]} g6
{[%clk 01:30:59]} {[%emt 00:00:18]} 5. Be3 {[%clk 01:31:18]} {[%emt 00:00:48]}
Bg7 {[%clk 01:29:33]} {[%emt 00:01:55]} 6. Nc3 {[%clk 01:31:29]} {[%emt
00:00:20]} Nf6 {[%clk 01:28:55]} {[%emt 00:01:08]} 7. Bc4 {[%clk 01:30:51]}
{[%emt 00:01:08]} O-O {[%clk 01:27:49]} {[%emt 00:01:36]} 8. Bb3 {[%clk
01:30:06]} {[%emt 00:01:15]} d6 {[%clk 01:27:05]} {[%emt 00:01:14]} 9. f3
{[%clk 01:25:51]} {[%emt 00:04:44]} Bd7 {[%clk 01:22:14]} {[%emt 00:05:21]} 10.
Qd2 {[%clk 01:25:19]} {[%emt 00:01:02]} a6 {[%emt 00:02:54]} 11. g4 {[%clk
01:20:40]} {[%emt 00:04:01]} Nxd4 {[%clk 01:20:16]} {[%emt 00:01:13]} 12. Bxd4
{[%clk 01:20:25]} {[%emt 00:00:44]} b5 {[%clk 01:09:42]} {[%emt 00:11:04]} 13.
h4 {[%clk 01:17:24]} {[%emt 00:03:32]} b4 {[%clk 01:08:13]} {[%emt 00:01:59]}
14. Ne2 {[%clk 01:16:33]} {[%emt 00:01:21]} a5 {[%clk 01:07:41]} {[%emt
00:01:01]} 15. h5 {[%clk 01:11:57]} {[%emt 00:05:06]} a4 {[%clk 01:06:25]}
{[%emt 00:01:46]} 16. Bc4 {[%clk 01:10:00]} {[%emt 00:02:27]} Rb8 {[%clk
01:00:22]} {[%emt 00:06:34]} 17. Bxf6 {[%clk 01:09:17]} {[%emt 00:01:12]} exf6
{[%clk 00:58:46]} {[%emt 00:02:06]} 18. hxg6 {[%clk 01:08:14]} {[%emt
00:01:33]} hxg6 {[%clk 00:59:06]} {[%emt 00:00:10]} 19. Nf4 {[%clk 01:08:26]}
{[%emt 00:00:18]} a3 {[%clk 00:58:10]} {[%emt 00:01:27]} 20. Qh2 {[%clk
01:08:14]} {[%emt 00:00:41]} Re8 {[%clk 00:58:05]} {[%emt 00:00:35]} 21. Nxg6
{[%clk 01:08:28]} {[%emt 00:00:16]} Rxe4+ {[%clk 00:57:01]} {[%emt 00:01:34]}
22. fxe4 {[%clk 01:08:45]} {[%emt 00:00:13]} Bh6 {[%clk 00:56:37]} {[%emt
00:00:54]} 23. Qxh6 {[%clk 01:09:01]} {[%emt 00:00:15]} Qf8 {[%clk 00:56:39]}
{[%emt 00:00:27]} 24. Qh8# {[%clk 01:09:19]} {[%emt 00:00:11]} 1-0

[Event "ODJM B 2024"]
[Site "Willingen GER"]
[Date "2024.05.20"]
[Round "3"]
[White "Gendzelevsky, Stefan"]
[Black "Klein, Tristan"]
[Result "0-1"]
[Termination "normal"]
[Board "53"]
[WhiteElo "1628"]
[BlackElo "1701"]
[WhiteClock "00:45:27"]
[BlackClock "01:05:57"]
[PlyCount "67"]
[WhiteFideId "34637672"]
[BlackFideId "34621210"]
[EventCountry "GER"]
[EventRounds "9"]
[EventType "swiss"]
[EventDate "2024.05.18"]

1. e4 {[%clk 01:30:58]} {[%emt 00:00:02]} d5 {[%clk 01:30:51]} {[%emt
00:00:10]} 2. exd5 {[%clk 01:31:22]} {[%emt 00:00:06]} Nf6 {[%clk 01:31:12]}
{[%emt 00:00:08]} 3. d4 {[%clk 01:31:44]} {[%emt 00:00:09]} Bg4 {[%clk
01:31:33]} {[%emt 00:00:09]} 4. Nf3 {[%clk 01:31:53]} {[%emt 00:00:21]} Bxf3
{[%clk 01:31:05]} {[%emt 00:00:58]} 5. Qxf3 {[%clk 01:32:08]} {[%emt 00:00:13]}
Qxd5 {[%clk 01:31:10]} {[%emt 00:00:26]} 6. Qxd5 {[%clk 01:31:51]} {[%emt
00:00:48]} Nxd5 {[%clk 01:31:27]} {[%emt 00:00:12]} 7. c4 {[%clk 01:32:15]}
{[%emt 00:00:06]} Nf6 {[%clk 01:31:32]} {[%emt 00:00:26]} 8. Nc3 {[%clk
01:32:36]} {[%emt 00:00:08]} e6 {[%clk 01:30:46]} {[%emt 00:01:17]} 9. g3
{[%clk 01:32:16]} {[%emt 00:00:49]} Nc6 {[%clk 01:27:21]} {[%emt 00:03:55]} 10.
Nb5 {[%clk 01:29:43]} {[%emt 00:03:04]} O-O-O {[%clk 01:26:58]} {[%emt
00:00:53]} 11. d5 {[%clk 01:20:30]} {[%emt 00:09:43]} Bb4+ {[%clk 01:23:20]}
{[%emt 00:04:08]} 12. Ke2 {[%emt 00:02:54]} exd5 {[%clk 01:23:14]} {[%emt
00:00:29]} 13. Bh3+ {[%clk 01:18:30]} {[%emt 00:00:12]} Kb8 {[%clk 01:22:59]}
{[%emt 00:00:45]} 14. Bf4 {[%clk 01:18:51]} {[%emt 00:00:09]} Rhe8+ {[%clk
01:21:02]} {[%emt 00:02:27]} 15. Kf1 {[%clk 01:19:12]} {[%emt 00:00:09]} Ba5
{[%clk 01:17:56]} {[%emt 00:03:36]} 16. Bg2 {[%clk 01:08:46]} {[%emt 00:10:56]}
a6 {[%clk 01:16:23]} {[%emt 00:02:03]} 17. Na3 {[%clk 01:06:43]} {[%emt
00:02:33]} d4 {[%clk 01:14:25]} {[%emt 00:02:28]} 18. Rd1 {[%clk 01:03:29]}
{[%emt 00:03:45]} d3 {[%clk 01:13:18]} {[%emt 00:01:37]} 19. Bd2 {[%clk
01:02:36]} {[%emt 00:01:22]} Bb6 {[%clk 01:11:46]} {[%emt 00:02:03]} 20. Bc3
{[%clk 01:02:33]} {[%emt 00:00:32]} Re2 {[%clk 01:10:55]} {[%emt 00:01:23]} 21.
Rd2 {[%clk 01:00:58]} {[%emt 00:02:05]} Rde8 {[%clk 01:10:26]} {[%emt
00:00:59]} 22. Bxc6 {[%clk 00:59:36]} {[%emt 00:01:51]} bxc6 {[%clk 01:09:55]}
{[%emt 00:01:01]} 23. Kg2 {[%clk 00:55:27]} {[%emt 00:04:38]} Rxd2 {[%clk
01:08:33]} {[%emt 00:01:54]} 24. Bxd2 {[%clk 00:55:43]} {[%emt 00:00:13]} Re2
{[%clk 01:08:46]} {[%emt 00:00:18]} 25. Bc3 {[%clk 00:53:38]} {[%emt 00:02:35]}
Rxf2+ {[%clk 01:09:00]} {[%emt 00:00:16]} 26. Kh3 {[%clk 00:54:00]} {[%emt
00:00:08]} Ne4 {[%clk 01:06:58]} {[%emt 00:02:32]} 27. Bxg7 {[%clk 00:51:25]}
{[%emt 00:03:05]} Re2 {[%clk 01:06:10]} {[%emt 00:01:18]} 28. Rf1 {[%clk
00:50:25]} {[%emt 00:01:28]} d2 {[%clk 01:06:09]} {[%emt 00:00:32]} 29. Kg4
{[%clk 00:46:28]} {[%emt 00:04:27]} Re1 {[%clk 01:05:53]} {[%emt 00:00:46]} 30.
Kf4 {[%clk 00:44:44]} {[%emt 00:02:14]} Rxf1+ {[%clk 01:06:05]} {[%emt
00:00:19]} 31. Kxe4 {[%clk 00:45:04]} {[%emt 00:00:10]} d1=Q {[%clk 01:06:18]}
{[%emt 00:00:16]} 32. c5 {[%clk 00:45:11]} {[%emt 00:00:23]} Bxc5 {[%clk
01:05:57]} {[%emt 00:00:52]} 33. Nc4 {[%clk 00:45:27]} {[%emt 00:00:14]} Qd8
{[%emt 00:02:16]} 34. Kd4 {[%emt 00:00:03]} 0-1

[Event "ODJM B 2024"]
[Site "Willingen GER"]
[Date "2024.05.20"]
[Round "3"]
[White "Lohrmann, Linus"]
[Black "Ahmadov, Ahmad"]
[Result "1-0"]
[Termination "normal"]
[Board "54"]
[WhiteElo "1621"]
[BlackElo "1729"]
[WhiteClock "01:12:10"]
[BlackClock "01:24:32"]
[PlyCount "38"]
[WhiteFideId "12982857"]
[BlackFideId "34661018"]
[EventCountry "GER"]
[EventRounds "9"]
[EventType "swiss"]
[EventDate "2024.05.18"]

1. e4 {[%clk 01:30:58]} {[%emt 00:00:02]} e6 {[%clk 01:30:55]} {[%emt
00:00:06]} 2. Nf3 {[%clk 01:31:17]} {[%emt 00:00:10]} d5 {[%clk 01:31:15]}
{[%emt 00:00:11]} 3. exd5 {[%clk 01:31:41]} {[%emt 00:00:05]} exd5 {[%clk
01:31:37]} {[%emt 00:00:08]} 4. d4 {[%clk 01:32:06]} {[%emt 00:00:04]} Bd6
{[%clk 01:31:49]} {[%emt 00:00:19]} 5. Bd3 {[%clk 01:30:05]} {[%emt 00:02:32]}
h6 {[%clk 01:31:57]} {[%emt 00:00:22]} 6. Nc3 {[%clk 01:29:35]} {[%emt
00:00:59]} c6 {[%clk 01:32:10]} {[%emt 00:00:17]} 7. O-O {[%clk 01:29:07]}
{[%emt 00:00:59]} Nf6 {[%clk 01:32:00]} {[%emt 00:00:40]} 8. Re1+ {[%clk
01:29:09]} {[%emt 00:00:28]} Be6 {[%clk 01:32:16]} {[%emt 00:00:14]} 9. Bf5
{[%clk 01:25:05]} {[%emt 00:04:33]} Qe7 {[%clk 01:31:04]} {[%emt 00:01:42]} 10.
Ne5 {[%clk 01:23:00]} {[%emt 00:02:35]} O-O {[%clk 01:29:39]} {[%emt 00:01:55]}
11. Bxe6 {[%clk 01:22:21]} {[%emt 00:01:09]} fxe6 {[%clk 01:29:28]} {[%emt
00:00:42]} 12. Ng6 {[%clk 01:22:31]} {[%emt 00:00:19]} Qf7 {[%clk 01:28:27]}
{[%emt 00:01:31]} 13. Nxf8 {[%clk 01:22:45]} {[%emt 00:00:16]} Kxf8 {[%clk
01:28:56]} {[%emt 00:00:01]} 14. Qe2 {[%clk 01:21:27]} {[%emt 00:01:48]} Ke7
{[%clk 01:29:15]} {[%emt 00:00:11]} 15. h3 {[%clk 01:16:21]} {[%emt 00:05:37]}
Nbd7 {[%clk 01:28:44]} {[%emt 00:01:00]} 16. f4 {[%clk 01:15:00]} {[%emt
00:01:51]} Nh7 {[%clk 01:28:14]} {[%emt 00:01:00]} 17. Rf1 {[%clk 01:14:00]}
{[%emt 00:01:30]} g6 {[%clk 01:27:51]} {[%emt 00:00:53]} 18. Bd2 {[%clk
01:13:01]} {[%emt 00:01:28]} Rf8 {[%clk 01:27:29]} {[%emt 00:00:52]} 19. Rae1
{[%clk 01:12:10]} {[%emt 00:01:21]} Qg7 {[%clk 01:24:32]} {[%emt 00:03:28]} 1-0

[Event "ODJM B 2024"]
[Site "Willingen GER"]
[Date "2024.05.20"]
[Round "3"]
[White "Li, Joshua"]
[Black "Stepanjan, Tatevik Mia"]
[Result "1-0"]
[Termination "normal"]
[Board "55"]
[WhiteElo "1601"]
[BlackElo "1582"]
[WhiteClock "00:07:50"]
[BlackClock "00:01:33"]
[PlyCount "139"]
[WhiteFideId "34623639"]
[BlackFideId "16246128"]
[EventCountry "GER"]
[EventRounds "9"]
[EventType "swiss"]
[EventDate "2024.05.18"]

1. e4 {[%clk 01:30:59]} c5 {[%clk 01:30:54]} {[%emt 00:00:07]} 2. Nf3 {[%clk
01:31:26]} {[%emt 00:00:03]} Nc6 {[%clk 01:31:15]} {[%emt 00:00:08]} 3. d4
{[%clk 01:31:51]} {[%emt 00:00:05]} cxd4 {[%clk 01:31:39]} {[%emt 00:00:07]} 4.
Nxd4 {[%clk 01:32:17]} {[%emt 00:00:03]} Nf6 {[%clk 01:31:34]} {[%emt
00:00:35]} 5. Nc3 {[%clk 01:32:43]} {[%emt 00:00:04]} e6 {[%clk 01:31:20]}
{[%emt 00:00:44]} 6. Ndb5 {[%clk 01:32:57]} {[%emt 00:00:16]} d6 {[%clk
01:28:48]} {[%emt 00:03:02]} 7. Bf4 {[%clk 01:33:07]} {[%emt 00:00:20]} e5
{[%clk 01:27:53]} {[%emt 00:01:26]} 8. Bg5 {[%clk 01:33:06]} {[%emt 00:00:30]}
a6 {[%clk 01:14:03]} {[%emt 00:14:21]} 9. Na3 {[%clk 01:33:27]} {[%emt
00:00:09]} b5 {[%clk 01:04:49]} {[%emt 00:09:44]} 10. Nd5 {[%clk 01:32:46]}
{[%emt 00:01:10]} Be7 {[%clk 00:56:33]} {[%emt 00:08:46]} 11. Bxf6 {[%clk
01:32:53]} {[%emt 00:00:24]} Bxf6 {[%clk 00:55:14]} {[%emt 00:01:48]} 12. c3
{[%clk 01:32:44]} {[%emt 00:00:39]} O-O {[%clk 00:51:05]} {[%emt 00:04:39]} 13.
Nc2 {[%clk 01:27:48]} {[%emt 00:05:26]} Bb7 {[%clk 00:45:54]} {[%emt 00:05:42]}
14. Be2 {[%clk 01:25:10]} {[%emt 00:03:08]} Bg5 {[%clk 00:40:40]} {[%emt
00:05:42]} 15. O-O {[%clk 01:25:06]} {[%emt 00:00:35]} Ne7 {[%clk 00:37:07]}
{[%emt 00:04:03]} 16. Qd3 {[%clk 01:14:41]} {[%emt 00:10:54]} Nxd5 {[%clk
00:35:37]} {[%emt 00:02:01]} 17. exd5 {[%clk 01:14:51]} {[%emt 00:00:20]} Rc8
{[%clk 00:27:41]} {[%emt 00:08:26]} 18. Ne3 {[%clk 01:13:27]} {[%emt 00:01:55]}
Re8 {[%clk 00:24:18]} {[%emt 00:03:52]} 19. Rad1 {[%clk 01:09:31]} {[%emt
00:04:27]} e4 {[%clk 00:23:44]} {[%emt 00:01:03]} 20. Qd2 {[%clk 01:08:21]}
{[%emt 00:01:41]} Bxe3 {[%clk 00:22:36]} {[%emt 00:01:37]} 21. Qxe3 {[%clk
01:08:20]} {[%emt 00:00:31]} Rc5 {[%clk 00:21:11]} {[%emt 00:01:55]} 22. Qf4
{[%clk 00:53:57]} {[%emt 00:14:53]} Rxd5 {[%clk 00:18:51]} {[%emt 00:02:51]}
23. Rxd5 {[%clk 00:54:16]} {[%emt 00:00:10]} Bxd5 {[%clk 00:19:13]} {[%emt
00:00:07]} 24. Rd1 {[%clk 00:54:30]} {[%emt 00:00:17]} Re5 {[%clk 00:18:31]}
{[%emt 00:01:12]} 25. c4 {[%clk 00:53:28]} {[%emt 00:01:33]} bxc4 {[%clk
00:09:12]} {[%emt 00:09:49]} 26. Bxc4 {[%clk 00:52:44]} {[%emt 00:01:14]} Qa5
{[%clk 00:08:48]} {[%emt 00:00:54]} 27. Qc1 {[%clk 00:32:58]} {[%emt 00:20:16]}
Bxc4 {[%clk 00:04:36]} {[%emt 00:04:41]} 28. Qxc4 {[%clk 00:33:17]} {[%emt
00:00:12]} Re8 {[%clk 00:03:42]} {[%emt 00:01:22]} 29. Qc6 {[%clk 00:32:03]}
{[%emt 00:01:45]} Rd8 {[%clk 00:01:34]} {[%emt 00:02:38]} 30. Qxe4 {[%clk
00:31:33]} {[%emt 00:01:00]} d5 {[%clk 00:01:19]} {[%emt 00:00:45]} 31. Qb1
{[%clk 00:29:51]} {[%emt 00:02:12]} d4 {[%clk 00:01:26]} {[%emt 00:00:23]} 32.
h3 {[%clk 00:27:07]} {[%emt 00:03:14]} h6 {[%clk 00:01:37]} {[%emt 00:00:19]}
33. a3 {[%clk 00:27:03]} {[%emt 00:00:34]} Qb5 {[%clk 00:01:18]} {[%emt
00:00:48]} 34. Qc2 {[%clk 00:26:59]} {[%emt 00:00:35]} Qd5 {[%clk 00:01:03]}
{[%emt 00:00:44]} 35. Qd3 {[%clk 00:26:04]} {[%emt 00:01:27]} a5 {[%clk
00:01:14]} {[%emt 00:00:19]} 36. Rc1 {[%clk 00:20:12]} {[%emt 00:06:21]} Qa2
{[%clk 00:00:42]} {[%emt 00:01:01]} 37. Rc2 {[%clk 00:18:29]} {[%emt 00:02:14]}
Qd5 {[%clk 00:00:41]} {[%emt 00:00:30]} 38. f3 {[%clk 00:15:17]} {[%emt
00:03:43]} Qe5 {[%clk 00:00:34]} {[%emt 00:00:37]} 39. Qe4 {[%clk 00:14:19]}
{[%emt 00:01:28]} Qd6 {[%clk 00:00:33]} {[%emt 00:00:31]} 40. Qc6 {[%clk
00:09:53]} {[%emt 00:04:57]} Qf4 {[%clk 00:00:32]} {[%emt 00:00:31]} 41. Qc7
{[%clk 00:09:21]} {[%emt 00:01:01]} Qe3+ {[%clk 00:28:13]} {[%emt 00:02:48]}
42. Kh2 {[%clk 00:37:13]} {[%emt 00:02:39]} Ra8 {[%clk 00:26:06]} {[%emt
00:02:36]} 43. Qd6 {[%clk 00:31:57]} {[%emt 00:05:47]} Qd3 {[%clk 00:21:49]}
{[%emt 00:04:46]} 44. Rc7 {[%clk 00:31:14]} {[%emt 00:01:13]} Qd2 {[%clk
00:18:37]} {[%emt 00:03:42]} 45. b3 {[%clk 00:26:57]} {[%emt 00:04:48]} Qb2
{[%clk 00:16:13]} {[%emt 00:02:53]} 46. Qd5 {[%clk 00:26:25]} {[%emt 00:01:03]}
Rf8 {[%clk 00:15:41]} {[%emt 00:01:02]} 47. a4 {[%clk 00:25:46]} {[%emt
00:01:10]} d3 {[%clk 00:14:12]} {[%emt 00:01:58]} 48. Rd7 {[%clk 00:24:16]}
{[%emt 00:02:00]} d2 {[%clk 00:07:31]} {[%emt 00:07:11]} 49. Qxd2 {[%clk
00:24:12]} {[%emt 00:00:34]} Qxd2 {[%clk 00:07:25]} {[%emt 00:00:35]} 50. Rxd2
{[%clk 00:24:35]} Rb8 {[%clk 00:07:44]} {[%emt 00:00:18]} 51. Rd3 {[%clk
00:22:49]} {[%emt 00:02:16]} Kf8 {[%clk 00:07:10]} {[%emt 00:01:04]} 52. Kg3
{[%clk 00:22:24]} {[%emt 00:00:56]} Ke7 {[%clk 00:06:26]} {[%emt 00:01:14]} 53.
Kf4 {[%clk 00:22:19]} {[%emt 00:00:35]} Kf6 {[%clk 00:06:34]} {[%emt 00:00:21]}
54. Ke3 {[%clk 00:22:09]} {[%emt 00:00:41]} Rb4 {[%clk 00:05:00]} {[%emt
00:02:03]} 55. Kd2 {[%clk 00:21:39]} {[%emt 00:01:00]} Ke5 {[%clk 00:05:10]}
{[%emt 00:00:20]} 56. g3 {[%clk 00:20:54]} {[%emt 00:01:16]} f5 {[%clk
00:04:23]} {[%emt 00:01:17]} 57. Kc3 {[%clk 00:20:14]} {[%emt 00:01:10]} Rb7
{[%clk 00:03:17]} {[%emt 00:01:33]} 58. Rd8 {[%clk 00:19:28]} {[%emt 00:01:19]}
Rc7+ {[%clk 00:03:12]} {[%emt 00:00:35]} 59. Kb2 {[%clk 00:19:33]} {[%emt
00:00:25]} f4 {[%clk 00:03:10]} {[%emt 00:00:32]} 60. Re8+ {[%clk 00:18:44]}
{[%emt 00:01:19]} Kf5 {[%clk 00:03:12]} {[%emt 00:00:27]} 61. Rf8+ {[%clk
00:18:50]} {[%emt 00:00:25]} Ke5 {[%clk 00:03:25]} {[%emt 00:00:17]} 62. Rxf4
{[%clk 00:18:32]} {[%emt 00:00:47]} g5 {[%clk 00:03:27]} {[%emt 00:00:29]} 63.
Rc4 {[%clk 00:17:12]} {[%emt 00:01:50]} Rf7 {[%clk 00:01:49]} {[%emt 00:02:07]}
64. Rc3 {[%clk 00:08:12]} {[%emt 00:09:31]} Kd4 {[%clk 00:01:48]} {[%emt
00:00:30]} 65. f4 {[%clk 00:07:13]} {[%emt 00:01:30]} gxf4 {[%clk 00:01:46]}
{[%emt 00:00:32]} 66. gxf4 {[%clk 00:06:44]} {[%emt 00:00:58]} Rxf4 {[%clk
00:00:47]} {[%emt 00:01:30]} 67. Rc4+ {[%clk 00:07:06]} {[%emt 00:00:08]} Ke3
{[%clk 00:01:09]} {[%emt 00:00:07]} 68. Rd4 {[%emt 00:00:05]} Re4 69. Rxe4+
{[%clk 00:07:30]} Kf4 {[%clk 00:01:33]} 70. Rxf4 {[%clk 00:07:50]} 1-0

[Event "ODJM B 2024"]
[Site "Willingen GER"]
[Date "2024.05.20"]
[Round "3"]
[White "Rössling, Laura Marie"]
[Black "Rabus, Johann"]
[Result "0-1"]
[Termination "normal"]
[Board "56"]
[WhiteElo "1599"]
[BlackElo "1597"]
[WhiteClock "00:03:51"]
[BlackClock "00:08:24"]
[PlyCount "84"]
[WhiteFideId "16289471"]
[BlackFideId "34602950"]
[EventCountry "GER"]
[EventRounds "9"]
[EventType "swiss"]
[EventDate "2024.05.18"]

1. e4 {[%clk 01:30:56]} {[%emt 00:00:04]} c6 {[%clk 01:30:52]} {[%emt
00:00:09]} 2. d4 {[%clk 01:31:10]} {[%emt 00:00:16]} d5 {[%clk 01:31:12]}
{[%emt 00:00:09]} 3. exd5 {[%clk 01:31:11]} {[%emt 00:00:29]} cxd5 {[%clk
01:31:36]} {[%emt 00:00:07]} 4. Bd3 {[%clk 01:31:19]} {[%emt 00:00:21]} Nc6
{[%clk 01:31:22]} {[%emt 00:00:45]} 5. c3 {[%clk 01:31:12]} {[%emt 00:00:36]}
Nf6 {[%clk 01:31:19]} {[%emt 00:00:33]} 6. Bf4 {[%clk 01:30:38]} {[%emt
00:01:03]} Bg4 {[%clk 01:30:05]} {[%emt 00:01:46]} 7. Ne2 {[%clk 01:27:21]}
{[%emt 00:03:46]} e6 {[%clk 01:29:20]} {[%emt 00:01:15]} 8. O-O {[%clk
01:25:52]} {[%emt 00:01:59]} Bd6 {[%clk 01:25:35]} {[%emt 00:04:16]} 9. Qc1
{[%clk 01:19:02]} {[%emt 00:07:12]} Rc8 {[%clk 01:15:30]} {[%emt 00:10:43]} 10.
Bxd6 {[%clk 01:13:17]} {[%emt 00:06:13]} Qxd6 {[%clk 01:15:44]} {[%emt
00:00:16]} 11. Qe3 {[%clk 01:12:57]} {[%emt 00:00:46]} Bxe2 {[%clk 01:12:56]}
{[%emt 00:03:24]} 12. Bxe2 {[%clk 01:09:14]} {[%emt 00:04:12]} O-O {[%clk
01:08:35]} {[%emt 00:04:50]} 13. Nd2 {[%emt 00:05:12]} a6 {[%clk 01:01:18]}
{[%emt 00:07:45]} 14. h4 {[%clk 01:00:18]} {[%emt 00:04:40]} b5 {[%clk
00:51:58]} {[%emt 00:09:58]} 15. Nb3 {[%clk 00:55:15]} {[%emt 00:05:31]} Rb8
{[%clk 00:47:31]} {[%emt 00:04:58]} 16. Nc5 {[%clk 00:53:23]} {[%emt 00:02:21]}
a5 {[%clk 00:38:11]} {[%emt 00:09:51]} 17. f4 {[%clk 00:47:36]} {[%emt
00:06:09]} Nd7 {[%clk 00:35:39]} {[%emt 00:03:10]} 18. Nxd7 {[%clk 00:46:57]}
{[%emt 00:01:09]} Qxd7 {[%clk 00:36:00]} {[%emt 00:00:09]} 19. Bd3 {[%clk
00:45:03]} {[%emt 00:03:30]} f6 {[%clk 00:31:15]} {[%emt 00:05:16]} 20. Qg3
{[%clk 00:39:35]} {[%emt 00:05:54]} b4 {[%clk 00:28:59]} {[%emt 00:02:47]} 21.
h5 {[%clk 00:35:54]} {[%emt 00:04:04]} bxc3 {[%clk 00:24:43]} {[%emt 00:04:56]}
22. bxc3 {[%clk 00:34:54]} {[%emt 00:01:29]} f5 {[%clk 00:24:20]} {[%emt
00:00:52]} 23. Rf3 {[%clk 00:26:03]} {[%emt 00:09:20]} Qe7 {[%clk 00:19:51]}
{[%emt 00:05:01]} 24. Qf2 {[%clk 00:20:35]} {[%emt 00:05:57]} Rb6 {[%clk
00:18:07]} {[%emt 00:02:14]} 25. Rg3 {[%clk 00:19:45]} {[%emt 00:01:20]} Rfb8
{[%clk 00:17:49]} {[%emt 00:00:49]} 26. Rg5 {[%clk 00:19:10]} {[%emt 00:01:05]}
Rb2 {[%clk 00:17:26]} {[%emt 00:00:53]} 27. Qe1 {[%clk 00:18:29]} {[%emt
00:01:08]} R8b7 {[%clk 00:15:55]} {[%emt 00:02:04]} 28. h6 {[%clk 00:15:15]}
{[%emt 00:03:43]} g6 {[%clk 00:16:01]} {[%emt 00:00:23]} 29. Kh1 {[%clk
00:14:51]} {[%emt 00:00:55]} Nd8 {[%clk 00:15:13]} {[%emt 00:01:19]} 30. Kg1
{[%clk 00:06:33]} {[%emt 00:08:47]} Nf7 {[%clk 00:12:25]} {[%emt 00:03:19]} 31.
Rg3 {[%clk 00:06:47]} {[%emt 00:00:14]} Nxh6 {[%clk 00:11:48]} {[%emt
00:01:08]} 32. c4 {[%clk 00:06:22]} {[%emt 00:00:56]} dxc4 {[%clk 00:11:52]}
{[%emt 00:00:26]} 33. Bxc4 {[%clk 00:06:42]} {[%emt 00:00:10]} R2b6 {[%clk
00:10:47]} {[%emt 00:01:36]} 34. Qxa5 {[%clk 00:05:39]} {[%emt 00:01:32]} Ng4
{[%clk 00:08:33]} {[%emt 00:02:43]} 35. d5 {[%clk 00:04:48]} {[%emt 00:01:22]}
Qb4 {[%clk 00:07:47]} {[%emt 00:01:17]} 36. Qxb4 {[%clk 00:03:23]} {[%emt
00:01:54]} Rxb4 {[%clk 00:08:09]} {[%emt 00:00:08]} 37. Rc1 {[%clk 00:03:19]}
{[%emt 00:00:34]} Rxc4 {[%clk 00:08:30]} {[%emt 00:00:09]} 38. Re1 {[%clk
00:02:46]} {[%emt 00:01:03]} exd5 {[%clk 00:08:30]} {[%emt 00:00:30]} 39. Rf3
{[%clk 00:02:47]} {[%emt 00:00:29]} Rbc7 {[%clk 00:07:32]} {[%emt 00:01:29]}
40. Kf1 {[%clk 00:03:05]} {[%emt 00:00:10]} Rc1 {[%clk 00:07:38]} {[%emt
00:00:24]} 41. Rxc1 {[%clk 00:03:26]} {[%emt 00:00:09]} Rxc1+ {[%clk 00:08:03]}
{[%emt 00:00:06]} 42. Ke2 {[%clk 00:03:51]} {[%emt 00:00:05]} Rc2+ {[%clk
00:08:24]} {[%emt 00:00:09]} 0-1